000 00454cam a22001097a 4500
008 180718b1954 xxu||||| |||| 00| 0 eng d
082 _aDx42 Un3h
245 _aBritish Foreign Policy: a brief collection of fact and quotation
_cby Reference Division, Central Office of Information
260 _aLondon
_bReference Division. Central Office of Information
_c1954
300 _a19+p.
700 _aUnited Kingdom. Central Office of Information. Reference Division
999 _c490246
_d490246